01453nam a2200385Ic 450000100060000000300100000600500170001600700030003300800570003602000180009304000350011104100080014608200140015410000300016824501290019825000380032726400400036530000590040533600270046433700330049133800280052449000170055250000430056965000440061265000300065665000580068665000370074465000210078165000460080270000230084870000380087194200120090999900170092195201290093859367CO-BoRNBP20251006215818.0ta00003022016 sp a g spa spa a9788498019728 aCO-BoRNBPbspaerdacCO-BoRNBP aspa04a501bP17c aParsons, Pauleaut96533910a50 teorías científicas revolucionarias e imaginativas /cPaul Parsons ; colaboradores Jim Al-Khalili... [y otros siete]. aNueva edición en rústica 2016 1aBarcelona, España :bBlume,c2016 a160 páginas :bilustraciones en color, fotografías atextobtxt2rdacontent asin mediaciónbn2rdamedia avolumenbnc2rdacarrier0 aGuía breve aIncluye índice alfabético al final07aConductismo (psicología)2lemb96534007aCosmología2lemb96534107aFilosofía de la relatividad (física)2lemb96534207aFísica cuántica2lemb92712507aGenética2lemb07aTeoría de la información2lemb965343 aRaimes, Jon965344 aRodríguez Arias, Alfonso965345 2ddccBK c59367d59367 00102ddc40708GENaMEMAPJGAbMEMAPJGAcGENd2025-10-06l0o501 P17cpMPJG00740r2025-10-06 21:59:29tEj.1w2025-10-06yBK